000
00305nam a22001457a 4500
008
211013b ||||| |||| 00| 0 eng d
020
_a
9780060158095
041
_a
eng
080
_a
070
082
_a
070
100
_a
40
101
_a
MED
245
_a
Stading Ovation
_c
Humes,J.C
942
_2
udc
_c
BK
999
_c
58206
_d
58206